| 000 | 01607nam0a2200349 4500 | ||
|---|---|---|---|
| 001 | RU\NLR\BIBL_A\022626494 | ||
| 005 | 20251118163821.0 | ||
| 010 |
_a978-5-00247-150-8 _9100 |
||
| 021 |
_aRU _bКН-П-25-046129 _9КН-П-25-4477 |
||
| 035 | _a(NLR Aleph) 022626494 | ||
| 090 |
_a13465744 _c13465744 |
||
| 100 | _a20250919d2025 u y0rusy50 ca | ||
| 101 | 0 | _arus | |
| 102 | _aRU | ||
| 105 | _aa j 000zy | ||
| 181 | 0 |
_ai3 _baxxe |
|
| 182 | 0 | _an | |
| 200 | 1 |
_aТопоминералогия глин при поисках коренных источников алмазов _eметодическое пособие _fИ. И. Никулин |
|
| 203 |
_aТекст _bвизуальный _cнепосредственный |
||
| 210 |
_aМосква _cУниверситет Книжный дом _d2025 |
||
| 215 |
_a245 с. _cил., цв. ил. _d24 |
||
| 300 | _aНа обл. авт. не указан | ||
| 320 | _aБиблиогр.: с. 234-244 | ||
| 606 | 1 |
_aГлинистые минералы _jМетодические пособия _xАнализ _91438843 _3RU\NLR\AUTH\66298117 |
|
| 606 | 1 |
_aАлмазоносные отложения нижнеюрские _jМетодические пособия _xЛитология _yСаха (Якутия), Республика _92565467 _3RU\NLR\AUTH\661517339 |
|
| 686 | 1 | _aД452.411-24(2Р54-6Я)я8 | |
| 686 | 1 | _aД334я8 | |
| 700 | 1 |
_aНикулин _bИ. И. _gИван Иванович |
|
| 942 | _cBOOK | ||
| 980 | _aNB | ||